Règlement définitif du budget de l'Empire pour l'exercice... (Record no. 2878)

MARC details
000 -LEADER
campo de control de longitud fija 00912nas a2200277 i 4500
001 - NÚMERO DE CONTROL
campo de control 2878
003 - IDENTIFICADOR DE NÚMERO DE CONTROL
campo de control ES-MaACL
005 - FECHA Y HORA DE LA ÚLTIMA TRANSACCIÓN
campo de control 20250217134750.0
007 - CAMPO FIJO DE DESCRIPCIÓN FÍSICA--INFORMACIÓN GENERAL
campo de control de longitud fija t|
008 - DATOS DE LONGITUD FIJA--INFORMACIÓN GENERAL
campo de control de longitud fija 030423d18931897ru a| | 0 ||re d
080 ## - NÚMERO DE LA CLASIFICACIÓN DECIMAL UNIVERSAL
Número de la Clasificación Decimal Universal 351
245 00 - MENCIÓN DEL TÍTULO
Título Règlement définitif du budget de l'Empire pour l'exercice...
Resto del título : rapport présenté au Conseil de l'Empire par S. Exc. M. le Contrôleur de l'Empire.
260 ## - PUBLICACIÓN, DISTRIBUCIÓN, ETC.
Lugar de publicación, distribución, etc. Saint-Pétersbourg :
Nombre del editor, distribuidor, etc. [s.n.,
Fecha de publicación, distribución, etc. 18--]
300 ## - DESCRIPCIÓN FÍSICA
Extensión v. ;
Dimensiones 26 cm.
310 ## - PERIODICIDAD ACTUAL
Periodicidad actual Anual
362 0# - FECHAS DE PUBLICACIÓN Y/O DESIGNACIÓN SECUENCIAL
Fecha de publicación y/o designación secuencial [18--]-
525 ## - NOTA DE SUPLEMENTO
Nota de suplemento Es suplemento de: Journal de St. Pétersbourg.
650 ## - PUNTO DE ACCESO ADICIONAL DE MATERIA--TÉRMINO DE MATERIA
Término de materia o nombre geográfico como elemento de entrada Presupuestos-
Subdivisión geográfica Rusia.
9 (RLIN) 136765
852 ## - LOCALIZACIÓN
Ubicación ES-MaACL
Número de control de estantería T-824-F-1-5
852 ## - LOCALIZACIÓN
Ubicación ES-MaACL
Número de control de estantería T-741-F-7
Nota libre (Año 1892)
852 ## - LOCALIZACIÓN
Ubicación ES-MaACL
Número de control de estantería T-508-F-11
Nota libre (Año 1890)
852 ## - LOCALIZACIÓN
Ubicación ES-MaACL
Número de control de estantería T-553-F-12
Nota libre (Año 1889)
852 ## - LOCALIZACIÓN
Ubicación ES-MaACL
Número de control de estantería T-662-F-4
Nota libre .- Año 1891
866 #0 - MENCIÓN TEXTUAL DE FONDOS--UNIDAD BIBLIOGRÁFICA BÁSICA
Fondos 1889-97.
Holdings
Estatus retirado Estado de pérdida Fuente del sistema de clasificación o colocación Estado de daño No para préstamo Colección Biblioteca de origen Biblioteca actual Ubicación en estantería Fecha de adquisición Total de préstamos Signatura topográfica completa Código de barras Visto por última vez Precio de reemplazo Tipo de ítem Koha
    Clasificación decimal universal     Colección de folletos Biblioteca del Ateneo de Madrid Biblioteca del Ateneo de Madrid Depósito folletos 29/10/2014   T-741-F-7 1193314 23/02/2023 23/02/2023 Folleto
    Clasificación decimal universal     Colección de folletos Biblioteca del Ateneo de Madrid Biblioteca del Ateneo de Madrid Depósito folletos 17/01/2008   T-824-F-1-5 1002936 23/02/2023 23/02/2023 Folleto
    Clasificación decimal universal     Colección de folletos Biblioteca del Ateneo de Madrid Biblioteca del Ateneo de Madrid Depósito folletos 03/07/2005   T-662-F-4 1202254 23/02/2023 23/02/2023 Folleto
    Clasificación decimal universal     Colección de folletos Biblioteca del Ateneo de Madrid Biblioteca del Ateneo de Madrid Depósito folletos 10/04/2015   T-508-F-11 1193712 23/02/2023 23/02/2023 Folleto
    Clasificación decimal universal     Colección de folletos Biblioteca del Ateneo de Madrid Biblioteca del Ateneo de Madrid Depósito folletos 10/04/2015   T-553-F-12 1193713 23/02/2023 23/02/2023 Folleto